[Event "BCF-chT4 2223 (4NCL)"]
[Site "England"]
[Date "2023.01.08"]
[Round "4.46"]
[White "Hill, Maurice J"]
[Black "White, John1111"]
[Result "0-1"]
[WhiteElo "1792"]
[BlackElo "1523"]
[PlyCount "138"]
[EventDate "2022.11.05"]
[EventType "team-swiss"]
[EventRounds "11"]
[EventCountry "ENG"]
[SourceTitle "EXT 2024"]
[Source "ChessBase"]
[SourceDate "2023.10.10"]
[SourceVersion "1"]
[SourceVersionDate "2023.10.10"]
[SourceQuality "1"]
[WhiteTeam "Ashfield II"]
[BlackTeam "Celtic Tigers II"]
[WhiteTeamCountry "ENG"]
[BlackTeamCountry "ENG"]

1. g3 d5 2. Bg2 c6 3. Nf3 Nf6 4. 0-0 Bf5 5. d3 e6 6. Nbd2 Bd6 7. Re1 e5 8. e4 dxe4 9. dxe4 Be6 10. Qe2 h6 11. Nc4 Bxc4 12. Qxc4 Qe7 13. Bd2 Nbd7 14. b4 a6 15. Rad1 Nf8 16. a3 Ng6 17. Qb3 0-0 18. c4 Rfd8 19. Qb1 Nh7 20. h4 Nf6 21. Bh3 Qc7 22. a4 b6 23. Kg2 Nh5 24. Qc1 Bf8 25. Qc3 a5 26. Qb3 axb4 27. Bxb4 Rxd1 28. Rxd1 Bxb4 29. Qxb4 Rd8 30. Rb1 Rb8 31. c5 b5 32. a5 Ra8 33. Ra1 Ra6 34. Nd2 Nf6 35. f3 Qd8 36. Ra3 Nf8 37. Kf2 Ne8 38. Ke2 Qa8 39. Nb3 Nc7 40. Qd2 Nce6 41. Bxe6 Nxe6 42. Ke3 Qf8 43. Qc3 Qb8 44. Ra1 Nd4 45. Nxd4 exd4+ 46. Qxd4 Qxg3 47. Qd8+ Kh7 48. Rd1 Qe5 49. Qd6 Qc3+ 50. Kf4 b4 51. e5 Rxa5 52. Qxc6 Rxc5 53. Qe4+ g6 54. Rd4 Qc1+ 55. Qe3 Qxe3+ 56. Kxe3 Rxe5+ 57. Kd3 Rb5 58. Kc4 Rb7 59. Kb3 Kg7 60. f4 Rb5 61. Kc4 Rh5 62. Kxb4 Rxh4 63. Kc3 g5 64. Kd3 Rxf4 65. Rxf4 gxf4 66. Ke4 Kg6 67. Kxf4 f5 68. Kg3 Kg5 69. Kf3 h5 0-1

[Event "BCF-chT4S 1920 (4NCL)"]
[Site "England"]
[Date "2019.11.09"]
[Round "1.125"]
[White "Hill, Maurice J"]
[Black "Ramesh, Karthik R"]
[Result "1-0"]
[WhiteElo "1825"]
[BlackElo "1285"]
[PlyCount "95"]
[EventDate "2019.11.09"]
[EventType "team-swiss"]
[EventRounds "11"]
[EventCountry "ENG"]
[SourceTitle "EXT 2022"]
[Source "ChessBase"]
[SourceDate "2021.10.06"]
[SourceVersion "1"]
[SourceVersionDate "2021.10.06"]
[SourceQuality "1"]
[WhiteTeam "Ashfield II"]
[BlackTeam "Watford II"]
[WhiteTeamCountry "ENG"]
[BlackTeamCountry "ENG"]

1. g3 f5 2. Nf3 Nc6 3. d4 Nf6 4. Bg2 e6 5. 0-0 Be7 6. b3 0-0 7. Bb2 d6 8. Nbd2 Qe8 9. Re1 Ne4 10. Nf1 Bf6 11. c4 e5 12. d5 Ne7 13. N3d2 Nxd2 14. Qxd2 Qh5 15. e3 f4 16. exf4 exf4 17. Bxf6 Rxf6 18. Rxe7 fxg3 19. Nxg3 Qh4 20. Rae1 Bh3 21. R7e4 Qh6 22. Qxh6 Rxh6 23. Bxh3 Rxh3 24. Kg2 Rh6 25. Re8+ Rxe8 26. Rxe8+ Kf7 27. Rc8 c5 28. dxc6 bxc6 29. Rxc6 d5 30. cxd5 Rxc6 31. dxc6 Ke7 32. Nf5+ Ke6 33. Nd4+ Kd6 34. Kf3 g5 35. b4 a6 36. a4 h5 37. h3 Kc7 38. b5 axb5 39. axb5 Kb6 40. Kg3 Kc7 41. f4 g4 42. hxg4 hxg4 43. Kxg4 Kd8 44. Kf5 Kc7 45. Ke5 Kd8 46. b6 Kc8 47. f5 Kd8 48. f6 1-0

[Event "BCF-chT4S 1819 (4NCL)"]
[Site "England"]
[Date "2019.04.14"]
[Round "8.65"]
[White "Hill, Maurice J"]
[Black "Jaufarally, Mohammud"]
[Result "1/2-1/2"]
[WhiteElo "1810"]
[BlackElo "1503"]
[PlyCount "87"]
[EventDate "2018.11.17"]
[EventType "team-swiss"]
[EventRounds "11"]
[EventCountry "ENG"]
[SourceTitle "EXT 2021"]
[Source "ChessBase"]
[SourceDate "2020.10.23"]
[SourceVersion "1"]
[SourceVersionDate "2020.10.23"]
[SourceQuality "1"]
[WhiteTeam "Ashfield II"]
[BlackTeam "Rook & Roll"]
[WhiteTeamCountry "ENG"]
[BlackTeamCountry "ENG"]

1. g3 d5 2. Nf3 Nf6 3. Bg2 Bf5 4. 0-0 e6 5. c4 c6 6. b3 Nbd7 7. d3 Be7 8. Bb2 0-0 9. Nbd2 h6 10. Re1 Re8 11. e4 dxe4 12. dxe4 Bh7 13. e5 Nh5 14. Ne4 Bxe4 15. Rxe4 Bc5 16. Bd4 g5 17. Nxg5 Ng7 18. Nf3 Bf8 19. Nh4 Qc7 20. Qd2 Kh7 21. Rae1 Bc5 22. Bc3 Rg8 23. Rf4 Nf8 24. Rf6 Ng6 25. Be4 Nh5 26. Rf3 Qe7 27. Qc2 Rg7 28. Nxg6 fxg6 29. g4 Qg5 30. h3 Nf4 31. Bd2 Rf8 32. Kh2 Rgf7 33. b4 Bb6 34. Bc1 Kg7 35. Be3 Qxe5 36. Kg1 Rf6 37. c5 Bc7 38. Rd1 Rd8 39. Rxd8 Bxd8 40. Bxf4 Rxf4 41. Rxf4 Qxf4 42. Qd3 Bh4 43. Qd4+ Qf6 44. Qxf6+ 1/2-1/2

[Event "BCF-chT4S 1819 (4NCL)"]
[Site "England"]
[Date "2019.04.13"]
[Round "7.95"]
[White "Henbest, Kevin B"]
[Black "Hill, Maurice J"]
[Result "1/2-1/2"]
[WhiteElo "1639"]
[BlackElo "1810"]
[PlyCount "74"]
[EventDate "2018.11.17"]
[EventType "team-swiss"]
[EventRounds "11"]
[EventCountry "ENG"]
[SourceTitle "EXT 2021"]
[Source "ChessBase"]
[SourceDate "2020.10.23"]
[SourceVersion "1"]
[SourceVersionDate "2020.10.23"]
[SourceQuality "1"]
[WhiteTeam "Oxford IV"]
[BlackTeam "Ashfield II"]
[WhiteTeamCountry "ENG"]
[BlackTeamCountry "ENG"]

1. e4 c5 2. Nf3 a6 3. c4 Nc6 4. d4 cxd4 5. Nxd4 Qc7 6. Nc3 e6 7. Be3 Nf6 8. a3 Be7 9. Be2 0-0 10. 0-0 b6 11. f4 d6 12. Bf3 Bb7 13. f5 Nxd4 14. Qxd4 Nd7 15. fxe6 fxe6 16. Bg4 Nc5 17. Rad1 e5 18. Qd2 Nxe4 19. Be6+ Kh8 20. Nxe4 Bxe4 21. Bd5 Bxd5 22. Qxd5 Rad8 23. Rf7 Rxf7 24. Qxf7 Rf8 25. Qd5 h6 26. Rf1 Rxf1+ 27. Kxf1 a5 28. Qa8+ Kh7 29. Qe4+ g6 30. h4 Bd8 31. Kg1 h5 32. g3 Qd7 33. Kh2 b5 34. b3 bxc4 35. bxc4 Kg7 36. Qd5 Qc7 37. Kh3 Qd7+ 1/2-1/2

[Event "BCF-chT4S 1819 (4NCL)"]
[Site "England"]
[Date "2019.01.13"]
[Round "4.55"]
[White "Hill, Maurice J"]
[Black "Cole, Graham"]
[Result "1/2-1/2"]
[WhiteElo "1810"]
[BlackElo "1794"]
[PlyCount "33"]
[EventDate "2018.11.17"]
[EventType "team-swiss"]
[EventRounds "11"]
[EventCountry "ENG"]
[SourceTitle "EXT 2021"]
[Source "ChessBase"]
[SourceDate "2020.10.23"]
[SourceVersion "1"]
[SourceVersionDate "2020.10.23"]
[SourceQuality "1"]
[WhiteTeam "Ashfield II"]
[BlackTeam "Oxford III"]
[WhiteTeamCountry "ENG"]
[BlackTeamCountry "ENG"]

1. g3 Nf6 2. Nf3 g6 3. Bg2 Bg7 4. c4 d6 5. 0-0 0-0 6. Nc3 e5 7. d3 h6 8. Rb1 a5 9. a3 Re8 10. Qc2 c6 11. e4 Na6 12. b4 axb4 13. axb4 Nc7 14. Re1 Bg4 15. b5 Ne6 16. Ne2 c5 17. Bb2 1/2-1/2

[Event "BCF-chT4S 1819 (4NCL)"]
[Site "England"]
[Date "2018.11.18"]
[Round "2.35"]
[White "Hill, Maurice J"]
[Black "Tart, Peter K"]
[Result "0-1"]
[WhiteElo "1810"]
[BlackElo "1933"]
[PlyCount "100"]
[EventDate "2018.11.17"]
[EventType "team-swiss"]
[EventRounds "11"]
[EventCountry "ENG"]
[SourceTitle "EXT 2021"]
[Source "ChessBase"]
[SourceDate "2020.10.23"]
[SourceVersion "1"]
[SourceVersionDate "2020.10.23"]
[SourceQuality "1"]
[WhiteTeam "Ashfield II"]
[BlackTeam "Crowthorne"]
[WhiteTeamCountry "ENG"]
[BlackTeamCountry "ENG"]

1. g3 f5 2. Bg2 Nf6 3. d3 e5 4. c4 Be7 5. Nc3 d6 6. e4 fxe4 7. dxe4 Nc6 8. Nge2 0-0 9. 0-0 Qe8 10. Nd5 Bd8 11. a3 a5 12. b3 Qh5 13. Nec3 Qxd1 14. Rxd1 Nd4 15. Rb1 Ng4 16. Rf1 c6 17. Ne3 Nxe3 18. Bxe3 Nc2 19. Bc1 Bb6 20. h3 Ne1 21. Nd1 Nxg2 22. Kxg2 Be6 23. Be3 Bc7 24. a4 d5 25. cxd5 cxd5 26. Bc5 Rf7 27. Ne3 d4 28. Nd5 Bxd5 29. exd5 Rd8 30. d6 Bxd6 31. Bxd6 Rxd6 32. Rfe1 Re7 33. b4 axb4 34. Rxb4 e4 35. Rd1 Red7 36. Rb5 d3 37. Rb2 Kf7 38. Rbd2 Rd4 39. Ra1 Ke6 40. Kf1 Rc4 41. Ke1 Rdc7 42. Kd1 Ke5 43. Rb2 Kd4 44. a5 e3 45. fxe3+ Kxe3 46. Rab1 Ra4 47. Rb5 Ra2 48. Re5+ Kd4 49. Rg5 Rf7 50. Rg4+ Ke3 0-1

[Event "BCF-chT4S 1819 (4NCL)"]
[Site "England"]
[Date "2018.11.17"]
[Round "1.99"]
[White "Shek, Daniel"]
[Black "Hill, Maurice J"]
[Result "0-1"]
[WhiteElo "1361"]
[BlackElo "1810"]
[PlyCount "116"]
[EventDate "2018.11.17"]
[EventType "team-swiss"]
[EventRounds "11"]
[EventCountry "ENG"]
[SourceTitle "EXT 2021"]
[Source "ChessBase"]
[SourceDate "2020.10.23"]
[SourceVersion "1"]
[SourceVersionDate "2020.10.23"]
[SourceQuality "1"]
[WhiteTeam "Crowthorne II"]
[BlackTeam "Ashfield II"]
[WhiteTeamCountry "ENG"]
[BlackTeamCountry "ENG"]

1. d4 Nf6 2. c4 g6 3. Nc3 d5 4. cxd5 Nxd5 5. e4 Nxc3 6. bxc3 Bg7 7. Nf3 c5 8. Bb5+ Bd7 9. Bxd7+ Nxd7 10. 0-0 0-0 11. Be3 Qc7 12. Rc1 Rfd8 13. Qc2 Rac8 14. Rfd1 cxd4 15. Bxd4 Bh6 16. Rb1 b6 17. e5 Nc5 18. Re1 Ne6 19. Qb3 Nc5 20. Qc2 Qc6 21. Rbd1 Ne6 22. Qb3 Rd5 23. a4 Ra5 24. Ra1 Qc4 25. Qa3 Nc5 26. e6 f6 27. Qb4 Qd5 28. Rad1 Qc6 29. Bxc5 Qxc5 30. Qxc5 Raxc5 31. Rd7 R5c7 32. Red1 Bf4 33. Rd8+ Rxd8 34. Rxd8+ Kg7 35. Rd7 Bd6 36. Rxc7 Bxc7 37. c4 Be5 38. Nxe5 fxe5 39. f3 Kf6 40. Kf2 Kxe6 41. Ke3 Kd6 42. Kd3 Kc5 43. Kc3 g5 44. g4 h6 45. Kd3 Kb4 46. Ke4 Kxa4 47. Kf5 Kb4 48. Kg6 a5 49. Kxh6 a4 50. Kxg5 a3 51. h4 a2 52. h5 a1Q 53. h6 Qc1+ 54. Kg6 Qf4 55. h7 Qf6+ 56. Kh5 Kxc4 57. g5 Qg7 58. g6 b5 0-1

[Event "BCF-chT3N 1718 (4NCL)"]
[Site "England"]
[Date "2018.05.07"]
[Round "11.86"]
[White "Ther, Mate T"]
[Black "Hill, Maurice J"]
[Result "1-0"]
[WhiteElo "1590"]
[BlackElo "1771"]
[PlyCount "75"]
[EventDate "2017.11.11"]
[EventType "team-swiss"]
[EventRounds "11"]
[EventCountry "ENG"]
[SourceTitle "EXT 2020"]
[Source "ChessBase"]
[SourceDate "2019.10.17"]
[SourceVersion "1"]
[SourceVersionDate "2019.10.17"]
[SourceQuality "1"]
[WhiteTeam "Bradford DCA Knights III"]
[BlackTeam "Ashfield Breadsall II"]
[WhiteTeamCountry "ENG"]
[BlackTeamCountry "ENG"]

1. e4 c5 2. c4 Nc6 3. Ne2 Nf6 4. Nbc3 e6 5. d4 cxd4 6. Nxd4 a6 7. Nxc6 dxc6 8. Qxd8+ Kxd8 9. Bf4 Bb4 10. 0-0-0+ Nd7 11. Na4 Ba5 12. Be2 Bc7 13. Be3 Ke8 14. f4 b5 15. Nc3 Bb6 16. Bxb6 Nxb6 17. Rd6 Bd7 18. Rhd1 Ra7 19. cxb5 Nc8 20. R6d2 cxb5 21. Nxb5 axb5 22. Rxd7 Rxd7 23. Bxb5 Ke7 24. Rxd7+ Kf6 25. e5+ Kg6 26. a4 Nb6 27. Rd6 Rc8+ 28. Rc6 Rxc6+ 29. Bxc6 Kf5 30. g3 f6 31. a5 Nc8 32. exf6 Kxf6 33. Be4 h6 34. b4 Ke7 35. b5 Kd8 36. b6 Nd6 37. Bd3 Kc8 38. a6 1-0

[Event "BCF-chT3N 1718 (4NCL)"]
[Site "England"]
[Date "2018.05.06"]
[Round "10.73"]
[White "Hill, Maurice J"]
[Black "Mounce, Richard B"]
[Result "1/2-1/2"]
[WhiteElo "1771"]
[BlackElo "1994"]
[PlyCount "43"]
[EventDate "2017.11.11"]
[EventType "team-swiss"]
[EventRounds "11"]
[EventCountry "ENG"]
[SourceTitle "EXT 2020"]
[Source "ChessBase"]
[SourceDate "2019.10.17"]
[SourceVersion "1"]
[SourceVersionDate "2019.10.17"]
[SourceQuality "1"]
[WhiteTeam "Ashfield Breadsall II"]
[BlackTeam "Jorvik"]
[WhiteTeamCountry "ENG"]
[BlackTeamCountry "ENG"]

1. g3 d5 2. Nf3 c5 3. Bg2 Nc6 4. d4 cxd4 5. Nxd4 e5 6. Nxc6 bxc6 7. c4 Nf6 8. Nc3 Bb7 9. Bg5 Bc5 10. 0-0 d4 11. Ne4 Be7 12. Qa4 Nxe4 13. Bxe7 Qxe7 14. Bxe4 Qc7 15. c5 0-0 16. e3 f5 17. Bd3 dxe3 18. fxe3 Bc8 19. Qc2 e4 20. Bc4+ Kh8 21. Qc3 Qe7 22. b4 1/2-1/2

[Event "BCF-chT3N 1718 (4NCL)"]
[Site "England"]
[Date "2018.05.05"]
[Round "9.85"]
[White "Ross, Stuart"]
[Black "Hill, Maurice J"]
[Result "0-1"]
[WhiteElo "1641"]
[BlackElo "1771"]
[PlyCount "58"]
[EventDate "2017.11.11"]
[EventType "team-swiss"]
[EventRounds "11"]
[EventCountry "ENG"]
[SourceTitle "EXT 2020"]
[Source "ChessBase"]
[SourceDate "2019.10.17"]
[SourceVersion "1"]
[SourceVersionDate "2019.10.17"]
[SourceQuality "1"]
[WhiteTeam "Shropshire II"]
[BlackTeam "Ashfield Breadsall II"]
[WhiteTeamCountry "ENG"]
[BlackTeamCountry "ENG"]

1. e4 c5 2. Nf3 a6 3. c3 d6 4. d4 Nd7 5. Be2 Qc7 6. d5 Ngf6 7. Qd3 g6 8. 0-0 Bg7 9. Nbd2 0-0 10. a4 b6 11. Rb1 a5 12. Qc2 Ng4 13. h3 Nge5 14. Nxe5 dxe5 15. Bb5 Nf6 16. Nf3 Ne8 17. Qe2 Nd6 18. Re1 h6 19. Bd2 Kh7 20. c4 f5 21. exf5 Bxf5 22. Nxe5 Nxb5 23. axb5 Bxb1 24. Nc6 Bf5 25. g4 Bd7 26. Qxe7 Rae8 27. d6 Rxe7 28. dxc7 Rxe1+ 29. Bxe1 Bxc6 0-1

[Event "BCF-chT3N 1617 (4NCL)"]
[Site "England"]
[Date "2017.04.29"]
[Round "9.63"]
[White "Hill, Maurice J"]
[Black "Smith, Lennart"]
[Result "1-0"]
[WhiteElo "1825"]
[BlackElo "1690"]
[PlyCount "54"]
[EventDate "2016.11.26"]
[EventType "team-swiss"]
[EventRounds "11"]
[EventCountry "ENG"]
[SourceTitle "EXT 2019"]
[Source "ChessBase"]
[SourceDate "2018.10.10"]
[SourceVersion "1"]
[SourceVersionDate "2018.10.10"]
[SourceQuality "1"]
[WhiteTeam "Ashfield Breadsall II"]
[BlackTeam "3CS Oldham III"]
[WhiteTeamCountry "ENG"]
[BlackTeamCountry "ENG"]

1. g3 g6 2. Bg2 Bg7 3. Nf3 c6 4. c4 Nf6 5. Nc3 Na6 6. 0-0 0-0 7. d4 d5 8. Bf4 dxc4 9. e4 b5 10. Ne5 Bd7 11. Qe2 Rc8 12. a4 b4 13. Nd1 Be6 14. Nxc4 Qxd4 15. Nde3 Bxc4 16. Nxc4 Nc7 17. Rfd1 Qc5 18. Be3 Qh5 19. Bf3 Qh3 20. e5 Ncd5 21. exf6 Nxf6 22. Bxa7 Rc7 23. Bc5 Nd5 24. Bd4 Nf6 25. Rac1 Bh6 26. Ne3 Rd8 27. Bxf6 exf6 1-0

[Event "BCF-chT4 1516 (4NCL)"]
[Site "England"]
[Date "2016.02.14"]
[Round "6.188"]
[White "Maydew, Simon"]
[Black "Hill, Maurice J"]
[Result "1/2-1/2"]
[WhiteElo "1840"]
[BlackElo "1802"]
[PlyCount "33"]
[EventDate "2015.11.14"]
[EventType "team-swiss"]
[EventRounds "11"]
[EventCountry "ENG"]
[SourceTitle "EXT 2017"]
[Source "ChessBase"]
[SourceDate "2016.10.25"]
[SourceVersion "1"]
[SourceVersionDate "2016.10.25"]
[SourceQuality "1"]
[WhiteTeam "Shropshire II"]
[BlackTeam "Ashfield Breadsall II"]
[WhiteTeamCountry "ENG"]
[BlackTeamCountry "ENG"]

1. d4 Nf6 2. Nf3 g6 3. Nc3 d5 4. Bf4 Bg7 5. e3 0-0 6. Be2 a6 7. a4 Nbd7 8. h3 c5 9. 0-0 b6 10. Ne5 Bb7 11. Qd2 Rc8 12. Rad1 e6 13. Bg5 Qe8 14. Bf4 Qd8 15. Bg5 Qe8 16. Bf4 Qd8 17. Bg5 1/2-1/2

[Event "BCF-chT4 1516 (4NCL)"]
[Site "England"]
[Date "2016.02.14"]
[Round "7.99"]
[White "Szwajkun, Steve"]
[Black "Hill, Maurice J"]
[Result "0-1"]
[WhiteElo "1540"]
[BlackElo "1802"]
[PlyCount "140"]
[EventDate "2015.11.14"]
[EventType "team-swiss"]
[EventRounds "11"]
[EventCountry "ENG"]
[SourceTitle "EXT 2017"]
[Source "ChessBase"]
[SourceDate "2016.10.25"]
[SourceVersion "1"]
[SourceVersionDate "2016.10.25"]
[SourceQuality "1"]
[WhiteTeam "Shropshire III"]
[BlackTeam "Ashfield Breadsall II"]
[WhiteTeamCountry "ENG"]
[BlackTeamCountry "ENG"]

1. Nf3 Nf6 2. g3 g6 3. Bg2 Bg7 4. d3 d5 5. Nbd2 c6 6. 0-0 0-0 7. e4 dxe4 8. dxe4 Re8 9. Qe2 e5 10. b3 Qc7 11. Bb2 Nbd7 12. Rad1 b5 13. b4 a5 14. c3 axb4 15. cxb4 Rxa2 16. Bc3 Bb7 17. Qd3 Raa8 18. Bh3 Rad8 19. Qb1 h6 20. Rfe1 Nh7 21. Nb3 Nhf8 22. Nc5 Bc8 23. Nxd7 Bxd7 24. Bxd7 Nxd7 25. Nh4 Nb6 26. Qa1 Nc4 27. Ng2 Ra8 28. Qc1 Kh7 29. Ne3 Nb6 30. h4 Red8 31. h5 Rxd1 32. Qxd1 Rd8 33. Qe2 Qd7 34. hxg6+ fxg6 35. Kg2 Qd3 36. Qxd3 Rxd3 37. Rc1 Rd6 38. g4 Nd7 39. Rh1 Rd3 40. Rd1 Rxd1 41. Nxd1 Bf8 42. Nb2 g5 43. Nd3 Bd6 44. Bd2 c5 45. bxc5 Nxc5 46. Bb4 Nxe4 47. Bxd6 Nxd6 48. Nxe5 b4 49. Kf1 b3 50. Nd3 Nc4 51. f3 Kg7 52. Ke2 b2 53. Nxb2 Nxb2 54. Ke3 Kf6 55. Ke4 Nd1 56. f4 Nc3+ 57. Kf3 Nd5 58. f5 Ke5 59. Kg3 Ke4 60. Kg2 Kf4 61. Kh3 Nf6 62. Kg2 Kxg4 63. Kh2 h5 64. Kg2 Kxf5 65. Kh3 h4 66. Kg2 g4 67. Kf2 Kf4 68. Kg2 Ne4 69. Kh2 Kf3 70. Kg1 Kg3 0-1

[Event "BCF-chT3 0910 (4NCL)"]
[Site "England"]
[Date "2010.05.03"]
[Round "11.6"]
[White "Hill, Maurice J"]
[Black "Dodwell, Philip"]
[Result "1/2-1/2"]
[WhiteElo "1802"]
[BlackElo "1978"]
[PlyCount "90"]
[EventDate "2009.10.24"]
[EventType "team-tourn"]
[EventRounds "11"]
[EventCountry "ENG"]
[SourceTitle "EXT 2011"]
[Source "ChessBase"]
[SourceDate "2010.11.26"]
[SourceVersion "1"]
[SourceVersionDate "2010.11.26"]
[SourceQuality "1"]
[WhiteTeam "Nottinghamshire II"]
[BlackTeam "Gloucestershire. Gambits"]
[WhiteTeamCountry "ENG"]
[BlackTeamCountry "ENG"]

1. c4 f5 2. Nf3 Nf6 3. g3 e6 4. Bg2 Be7 5. 0-0 0-0 6. Nc3 d6 7. d3 Nc6 8. Rb1 Qe8 9. b4 e5 10. e3 Bd8 11. b5 Ne7 12. Qb3 Kh8 13. c5 Neg8 14. cxd6 cxd6 15. Nd2 Qh5 16. f4 exf4 17. gxf4 Ng4 18. Nf3 Rf6 19. h3 N4h6 20. Qd1 Rg6 21. Ng5 Qh4 22. Bd2 Rxg5 23. fxg5 Qxg5 24. Qf3 Ba5 25. Qf4 Qg6 26. Qa4 Bd8 27. Nd5 Nf6 28. Nf4 Qf7 29. Qb3 Qe8 30. Rbe1 Nf7 31. Kh1 Ng5 32. a4 Nh5 33. Kh2 Nf6 34. Rc1 Nf7 35. Qc3 Rb8 36. Rfe1 Bd7 37. Nd5 Ne5 38. e4 fxe4 39. dxe4 Qh5 40. Kg1 Nxd5 41. exd5 h6 42. a5 Qg6 43. Rxe5 dxe5 44. Qxe5 Bxh3 45. Qe4 Qxe4 1/2-1/2

[Event "BCF-chT3 0910 (4NCL)"]
[Site "England"]
[Date "2010.03.27"]
[Round "7.6"]
[White "Hill, Maurice J"]
[Black "Taylor, John Paul"]
[Result "1-0"]
[WhiteElo "1802"]
[BlackElo "1306"]
[PlyCount "103"]
[EventDate "2009.10.24"]
[EventType "team-tourn"]
[EventRounds "11"]
[EventCountry "ENG"]
[SourceTitle "EXT 2011"]
[Source "ChessBase"]
[SourceDate "2010.11.26"]
[SourceVersion "1"]
[SourceVersionDate "2010.11.26"]
[SourceQuality "1"]
[WhiteTeam "Nottinghamshire II"]
[BlackTeam "Bristol III"]
[WhiteTeamCountry "ENG"]
[BlackTeamCountry "ENG"]

1. c4 e5 2. g3 Nc6 3. Bg2 Nf6 4. Nc3 d6 5. d3 Be7 6. e4 0-0 7. Nge2 a6 8. 0-0 Ne8 9. f4 Bg4 10. h3 Bxe2 11. Nxe2 Bf6 12. Rb1 Rb8 13. Be3 Qe7 14. Qd2 exf4 15. gxf4 g6 16. d4 Bg7 17. b4 Na7 18. b5 axb5 19. cxb5 Nf6 20. Nc3 c6 21. Rb3 Rfd8 22. a4 c5 23. dxc5 dxc5 24. Qf2 c4 25. Rbb1 Nc8 26. e5 Nd7 27. Rfd1 f6 28. Bd5+ Kh8 29. e6 Nf8 30. Bc5 Nd6 31. f5 gxf5 32. Re1 Ng6 33. Bxc4 Qc7 34. Nd5 Qc8 35. Nb6 Qc7 36. Nd5 Qc8 37. e7 Re8 38. Bxd6 Qxc4 39. Nb6 Qf7 40. Bxb8 Rxb8 41. Rbd1 Nxe7 42. Rd7 Qg6+ 43. Qg2 Ng8 44. Kf2 Bf8 45. Rc1 Qh6 46. Rcc7 Be7 47. Qf3 Re8 48. Kg2 f4 49. Nd5 f5 50. Qxf4 Qe6 51. Qd4+ Nf6 52. Nxe7 1-0

[Event "BCF-chT3 0809 (4NCL)"]
[Site "Hinckley Island"]
[Date "2009.05.03"]
[Round "10.5"]
[White "Hill, Maurice J"]
[Black "Dean, Michael J"]
[Result "1-0"]
[WhiteElo "1870"]
[BlackElo "1735"]
[PlyCount "76"]
[EventDate "2008.10.18"]
[EventType "team-swiss"]
[EventRounds "11"]
[EventCountry "ENG"]
[SourceTitle "EXT 2010"]
[Source "ChessBase"]
[SourceDate "2010.11.25"]
[SourceVersion "1"]
[SourceVersionDate "2010.11.25"]
[SourceQuality "1"]
[WhiteTeam "Nottinghamshire II"]
[BlackTeam "Leicester III"]
[WhiteTeamCountry "ENG"]
[BlackTeamCountry "ENG"]

1. g3 Nf6 2. Bg2 g6 3. c4 Bg7 4. Nc3 0-0 5. d3 d6 6. e4 e5 7. Nge2 Nc6 8. 0-0 Be6 9. h3 Qd7 10. Kh2 Nh5 11. g4 Nf6 12. f3 h5 13. Nd5 Bxd5 14. cxd5 Ne7 15. g5 Nh7 16. Be3 c6 17. dxc6 Nxc6 18. Nc3 f6 19. h4 fxg5 20. hxg5 Qd8 21. Qd2 Nd4 22. Nd5 Ne6 23. Rac1 Nhxg5 24. Qb4 b6 25. Rc2 Nf4 26. Bxf4 exf4 27. Rc6 Nf7 28. Rc2 Qh4+ 29. Kg1 Kh7 30. Rfc1 Ne5 31. Qd2 Qg3 32. Qe2 Nf7 33. Kf1 Bd4 34. Rc4 Be5 35. a4 h4 36. d4 Bg7 37. R1c2 h3 38. Bh1 h2 1-0

[Event "BCF-chT3 0809 (4NCL)"]
[Site "Hinckley Island"]
[Date "2008.12.06"]
[Round "3.5"]
[White "Hill, Maurice J"]
[Black "Cooper, David M"]
[Result "0-1"]
[WhiteElo "1870"]
[BlackElo "2085"]
[PlyCount "158"]
[EventDate "2008.10.18"]
[EventType "team-swiss"]
[EventRounds "11"]
[EventCountry "ENG"]
[SourceTitle "EXT 2010"]
[Source "ChessBase"]
[SourceDate "2010.11.25"]
[SourceVersion "1"]
[SourceVersionDate "2010.11.25"]
[SourceQuality "1"]
[WhiteTeam "Nottinghamshire II"]
[BlackTeam "Warwicks Select II"]
[WhiteTeamCountry "ENG"]
[BlackTeamCountry "ENG"]

1. g3 e5 2. c4 Nc6 3. Bg2 f5 4. Nc3 Nf6 5. a3 Be7 6. d3 0-0 7. e4 d6 8. Nge2 Be6 9. 0-0 fxe4 10. Nxe4 Nxe4 11. Bxe4 Bh3 12. Bg2 Qd7 13. d4 Bxg2 14. Kxg2 exd4 15. Nxd4 Bf6 16. Be3 Nxd4 17. Bxd4 Qc6+ 18. Kg1 Qxc4 19. Bxf6 Rxf6 20. Rc1 Qf7 21. Rc3 c6 22. Rd3 d5 23. b4 Rf8 24. f3 Re6 25. Re1 Rfe8 26. Rxe6 Qxe6 27. Kf2 Qe5 28. Qd2 Kf7 29. b5 Qc7 30. bxc6 bxc6 31. Rc3 Qb6+ 32. Kg2 d4 33. Rc4 c5 34. Qf4+ Kg8 35. Qf5 Qb2+ 36. Kh3 Qxa3 37. Rxc5 Qa6 38. g4 d3 39. Qd7 Rf8 40. Qd5+ Kh8 41. Rc6 Qb7 42. Rd6 Qxd5 43. Rxd5 Rxf3+ 44. Kg2 Rf8 45. Rxd3 a5 46. Ra3 Ra8 47. Ra4 Kg8 48. Kf3 Kf7 49. Ke4 Ke6 50. Kd4 Kd6 51. Ra3 a4 52. Kc4 Ke5 53. h3 Kf4 54. Kd5 Kg5 55. Ke6 Kf4 56. Kd5 g6 57. Ke6 Kg5 58. Kf7 Ra7+ 59. Ke6 Ra5 60. Kd6 h6 61. Kc6 Re5 62. Kd6 Re4 63. Kd5 Rb4 64. Kc5 Rb3 65. Rxa4 Rxh3 66. Ra6 Rg3 67. Kd4 Rxg4+ 68. Ke3 h5 69. Kf3 Rf4+ 70. Kg3 Rf5 71. Rc6 Rb5 72. Rd6 Rb3+ 73. Kg2 h4 74. Rd5+ Kg4 75. Rd4+ Kh5 76. Rd5+ g5 77. Rc5 h3+ 78. Kh2 Rf3 79. Rc8 Kg4 0-1

[Event "BCF-chT4 0607 (4NCL)"]
[Site "Sunningdale"]
[Date "2006.09.24"]
[Round "2.4"]
[White "Hill, Maurice J"]
[Black "Shaw, Dashiell"]
[Result "1/2-1/2"]
[WhiteElo "1910"]
[BlackElo "1750"]
[PlyCount "98"]
[EventDate "2006.09.16"]
[EventType "team"]
[EventRounds "11"]
[EventCountry "ENG"]
[SourceTitle "CBM 115 Extra"]
[Source "ChessBase"]
[SourceDate "2007.01.10"]
[SourceVersion "1"]
[SourceVersionDate "2007.01.10"]
[SourceQuality "1"]
[WhiteTeam "Notts II"]
[BlackTeam "London Mstrs II"]
[WhiteTeamCountry "ENG"]
[BlackTeamCountry "ENG"]

1. c4 e5 2. g3 Nc6 3. Bg2 d6 4. Nc3 Be6 5. d3 f5 6. e3 g6 7. Nge2 Bg7 8. Rb1 Nf6 9. b4 Rb8 10. b5 Ne7 11. Qa4 0-0 12. Qxa7 d5 13. Qc5 e4 14. Nf4 Bf7 15. Ncxd5 Nexd5 16. Nxd5 Nxd5 17. cxd5 Bxd5 18. a4 Ba2 19. Rb4 Qxd3 20. Bd2 Rfd8 21. Qc1 Bf8 22. Bf1 Qd7 23. Bc4+ Bxc4 24. Qxc4+ Qd5 25. Qxd5+ Rxd5 26. Rc4 Rbd8 27. Rc2 Bb4 28. Bxb4 Rd1+ 29. Ke2 Rxh1 30. Rxc7 Ra1 31. a5 Rb1 32. Rc4 Kf7 33. b6 Rd5 34. Bc3 Ke6 35. Rc7 Rc1 36. Rxb7 Rxc3 37. a6 Ra5 38. a7 Ra1 39. Kd2 Rb3 40. Kc2 Rb5 41. Rb8 h5 42. Re8+ Kf6 43. a8Q Rxa8 44. Rxa8 Rxb6 45. h4 Rd6 46. Ra4 Ke5 47. Ra5+ Rd5 48. Ra6 Rd6 49. Ra5+ Rd5 1/2-1/2